State of the World 2003 : A Worldwatch Institute Report on Progress Toward a Sustainable Society /

El Worldwatch Institute publica reportes sobre el estado del mundo desde mediados de los años 80, siempre con la perspectiva de la problemática ambiental en el centro. El instituto, preocupado por una desarrollo sustentable, aborda cada año temáticas particulares que deben ser atendidas para garanti...

Descripció completa

Guardat en:
Dades bibliogràfiques
Altres autors: Gardner, Gary T. (dir.) Conductor, Starke, Linda (edición) (edición)
Format: Llibre
Idioma:anglès
Publicat: Nueva York, EUA : Norton : Worldwatch Institute, 2003, c2003
Matèries:
Etiquetes: Afegir etiqueta
Sense etiquetes, Sigues el primer a etiquetar aquest registre!

MARC

LEADER 00000nam^a2200000^a^4500
001 000164269
005 20250521000000.0
009 20260310100936.331
020 |a 0-393-32386-2 
037 |a Acervo ITESO - Biblioteca 
041 |a ING 
082 |a 333. 7  |b EST 2003 
100 |a Gardner, Gary T.  |e (dir.) 
240 1 1 |a [Estado del mundo] 
245 1 0 |a State of the World 2003 :  |b A Worldwatch Institute Report on Progress Toward a Sustainable Society /  |c Dir. de G.T. Gardner ; ed. de L. Starke. 
264 4 |a Nueva York, EUA :  |b Norton :  |b Worldwatch Institute,  |c 2003, c2003 
300 |a XXIII, 241 p. 
336 |a texto  |b txt  |2 rdacontenido 
337 |a sin mediación  |b n  |2 rdamedio 
338 |a volumen  |b nc  |2 rdasoporte 
520 |a El Worldwatch Institute publica reportes sobre el estado del mundo desde mediados de los años 80, siempre con la perspectiva de la problemática ambiental en el centro. El instituto, preocupado por una desarrollo sustentable, aborda cada año temáticas particulares que deben ser atendidas para garantizar un desarrollo de tal naturaleza. En esta edición alerta sobre la muerte de pájaros en la zona del Amazonas, sobre el papel que pueden jugar las mujeres y el feminismo en el desarrollo sustentable, sobre el aporte que al mismo fin pueden hacer las religiones y sobre el combate al paludismo, entre otros asuntos. 
649 |a XX 
650 |a Aves -  |x Colección y Preservación 
650 |a Animales -  |x Colección y Preservación 
650 |a Especies en Peligro de Extinción 
650 |a Biodiversidad 
650 |a Recursos Renovables 
650 |a Recursos Energéticos 
650 |a Recursos Renovables 
650 |a Paludismo 
650 |a Género 
650 |a Contaminación Ambiental 
650 |a Conservación y Protección Ambiental 
650 |a Desarrollo Urbano 
650 |a Desarrollo Sustentable -  |x Anuarios 
650 |a Sociología de la Religión 
650 |a Ecología -  |x Historia -  |y 2000-2009 
650 |a Economía -  |x Historia -  |y 2000-2009 
650 |a Anuarios 
700 |a Starke, Linda  |e (edición) 
910 |a Fondo General 
920 |a Impresos - Libros 
930 |a Obras de Referencia 
905 |a 102 
901 |a 0500098346  |b IT2  |c REF  |u 20250521 
902 |a https://opac.biblio.iteso.mx/vufind/Record/000164269